000
00313 a2200157 4500
001
179666
020
_a
040
_c
Magnum
100
_a
Trindade, Maria Zelia Damasio
240
1
0
_a
O buraco
_l
por
245
1
0
_a
O buraco
362
0
_a
1899
440
1
_a
Lemi
697
_a
MAGNITO: IJ/GERAL
942
_c
BK
999
_c
179666
_d
179666